Financovanie zdravotnej starostlivosti a faktor verejného statku

V rozvíjajúcej sa trhovej ekonomike sa zdravie a zdravotná starostlivosť stávajú predmetom obchodných vzťahov, a to z pohľadu konkurencie poskytovateľov zdravotnej starostlivosti na strane ponuky a slobodnej voľby poskytovateľa na strane dopytu po zdravotníckych službách. Niektoré spoločnosti vnímaj...

Descrizione completa

Salvato in:
Dettagli Bibliografici
Autore principale: Pechová, Michaela, 1977-
Natura: Capitolo di libro
Lingua:slovacco
Soggetti:
Tags: Aggiungi Tag
Nessun Tag, puoi essere il primo ad aggiungerne!!

MARC

LEADER 00000nla$a2200000$$$4500
001 0123755
005 20240502072409.8
041 0 |a slo 
044 |a SK 
245 1 0 |a Financovanie zdravotnej starostlivosti a faktor verejného statku  |c Michaela Pechová 
520 |a V rozvíjajúcej sa trhovej ekonomike sa zdravie a zdravotná starostlivosť stávajú predmetom obchodných vzťahov, a to z pohľadu konkurencie poskytovateľov zdravotnej starostlivosti na strane ponuky a slobodnej voľby poskytovateľa na strane dopytu po zdravotníckych službách. Niektoré spoločnosti vnímajú zdravie prevažne ako spoločenský, či kolektívny statok, iné ako statok individuálny, súkromný. Všetci sa ale zhodujú na tom, že zdravie je statok vzácny. Výdavky na zdravotníctvo. 
610 2 0 |a zdravie 
610 2 0 |a starostlivosť o zdravie 
610 2 0 |a financovanie 
610 2 0 |a zdroje finančné 
100 1 |a Pechová, Michaela, 1977-